000 00285nam a2200121Ia 4500
008 191201s2012 xx 000 0 und d
100 _aONKVISIT, Sak
245 0 _aInternational Marketing
260 _aN. delhi
_bRoutledge
_c2012
300 _a710
650 _aBBA
942 _2ddc
_cBK
_02
999 _c6597
_d6597